[Event "Kiev Spring op"]
[Site "Kiev"]
[Date "2023.03.28"]
[Round "5"]
[White "Shvets, Serhii"]
[Black "Zubkov, Andrey1"]
[Result "1-0"]
[WhiteElo "1358"]
[BlackElo "1692"]
[PlyCount "161"]
[EventDate "2023.03.25"]
[EventType "swiss"]
[EventRounds "9"]
[EventCountry "UKR"]
[SourceTitle "EXT 2024"]
[Source "ChessBase"]
[SourceDate "2023.10.10"]
[SourceVersion "1"]
[SourceVersionDate "2023.10.10"]
[SourceQuality "1"]

1. e4 c5 2. Nf3 Nc6 3. d4 e6 4. d5 Nce7 5. c4 Ng6 6. Bd3 Qc7 7. Nc3 a6 8. h4 Bd6 9. g3 Nf6 10. h5 Ne5 11. Nxe5 Bxe5 12. Ne2 Qb6 13. f4 Bc7 14. e5 Ng4 15. d6 Bd8 16. Nc3 Nh6 17. Qc2 f5 18. Be2 Qc6 19. Rg1 0-0 20. Qd3 Ng4 21. Bf3 Qb6 22. Bxg4 fxg4 23. Qe2 Qb4 24. Bd2 Ba5 25. b3 Qxc3 26. Bxc3 Bxc3+ 27. Kf1 Rf5 28. Rd1 Bxe5 29. Qxe5 Rxe5 30. fxe5 b6 31. h6 gxh6 32. Rh1 Bb7 33. Rh4 Rf8+ 34. Kg1 Bf3 35. Rd3 Kg7 36. a3 Kg6 37. b4 h5 38. bxc5 bxc5 39. Rd2 Rf5 40. Rb2 Rxe5 41. Rb6 Re1+ 42. Kf2 Rc1 43. Rxa6 Rxc4 44. Ra5 Rc2+ 45. Ke3 Bd5 46. Ra7 Bc6 47. Rc7 Ba4 48. Rh1 Rc3+ 49. Kf2 Rd3 50. Rxc5 Rxd6 51. Rhxh5 h6 52. Ra5 Rd2+ 53. Ke3 Rg2 54. Kf4 Rf2+ 55. Ke3 Rf3+ 56. Kd2 Rxa3 57. Rh4 Ra2+ 58. Kc3 Rc2+ 59. Kd3 Ra2 60. Rxg4+ Kh7 61. Rgxa4 Rxa4 62. Rxa4 h5 63. Ke4 Kg6 64. Ke5 Kg5 65. Rh4 Kg6 66. Rd4 Kg5 67. Rxd7 Kg4 68. Rg7+ Kf3 69. Kxe6 Ke4 70. Rg5 Kf3 71. Rxh5 Kxg3 72. Rf5 Kg4 73. Ke5 Kg3 74. Rf4 Kh3 75. Ke4 Kg3 76. Rf8 Kg4 77. Rg8+ Kh5 78. Kf5 Kh4 79. Rg7 Kh3 80. Kf4 Kh2 81. Kf3 1-0